|
|
|
|
| LEADER |
00000nkm a2200000 a 4500 |
| 001 |
vtls010859375 |
| 003 |
SK-MaSNL |
| 005 |
20260512125114.0 |
| 007 |
kp bo |
| 008 |
231214n xo g 00 kuslo |
| 015 |
|
|
|a SNBG
|
| 035 |
|
|
|a 27213987-8954-4BA9-A216-E878070D6916
|
| 035 |
|
|
|a urn:nbn:sk:snk-kmy0fx
|
| 035 |
|
|
|a urn:nbn:sk:snk-km007wzg
|
| 040 |
|
|
|a SNK
|b slo
|c SNK
|e AACR2
|
| 041 |
0 |
|
|a slo
|
| 043 |
|
|
|a e-xo---
|
| 044 |
|
|
|a xo
|c SK
|
| 080 |
|
|
|a 908(234.372.4)
|2 2008
|
| 080 |
|
|
|a (084.121)
|2 2001
|
| 080 |
|
|
|a 551.4.035
|2 2001
|
| 080 |
|
|
|a 551.4.036
|2 2001
|
| 100 |
1 |
|
|a Brchel, Luboš,
|d 1920-1981
|4 pht
|9 241475
|
| 245 |
1 |
0 |
|a Vysoké Tatry
|h grafika
|b jeseň pod Kriváňom (2494 m)
|c foto Luboš Brcheľ
|
| 260 |
|
|
|a [Bratislava]
|b VPL
|c [s.a.]
|
| 300 |
|
|
|a 1 pohľadnica
|b čiernobiela
|c 11 x 15 cm
|
| 650 |
0 |
7 |
|a pohoria
|2 SNKPH
|9 44054
|
| 650 |
0 |
7 |
|a doliny
|2 SNKPH
|9 256361
|
| 651 |
|
7 |
|a Vysoké Tatry (Poľsko a Slovensko : pohorie)
|2 SNKPHgeo
|9 67729
|
| 651 |
|
7 |
|a Kriváň (Vysoké Tatry, Slovensko : štít)
|2 SNKPH
|9 165097
|
| 655 |
|
7 |
|a miestne pohľadnice
|2 SNKPH
|9 70510
|
| 852 |
|
|
|a Slovenská národná knižnica
|
| 958 |
|
|
|a GC
|
| 958 |
|
|
|a GBN
|
| 958 |
|
|
|a OND
|
| 999 |
|
|
|c 1015004
|d 1016934
|
| 952 |
|
|
|a SNK
|b SNK
|y PREZ
|7 0
|p 17A1078656
|o snkSP 1114
|0 0
|1 0
|4 0
|d 2015-08-10
|f 1
|l 0
|r 2026-02-24 13:05:43
|w 2026-02-24
|